<?xml version="1.0" encoding="UTF-8"?>
<record
    xmlns:xsi="http://www.w3.org/2001/XMLSchema-instance"
    xsi:schemaLocation="http://www.loc.gov/MARC21/slim http://www.loc.gov/standards/marcxml/schema/MARC21slim.xsd"
    xmlns="http://www.loc.gov/MARC21/slim">

  <leader>01198nam a22001937a 4500</leader>
  <controlfield tag="003">DO-SdBNP</controlfield>
  <controlfield tag="005">20171124150735.0</controlfield>
  <controlfield tag="008">171124b         xx a ||||| |||| 00| 0 spa d</controlfield>
  <datafield tag="040" ind1=" " ind2=" ">
    <subfield code="a">BPMSU</subfield>
    <subfield code="b">spa </subfield>
    <subfield code="c">BPMSU</subfield>
  </datafield>
  <datafield tag="092" ind1=" " ind2=" ">
    <subfield code="a">xxxx</subfield>
    <subfield code="b">xxxx</subfield>
  </datafield>
  <datafield tag="100" ind1="1" ind2=" ">
    <subfield code="a"> McCan, Robert L.</subfield>
  </datafield>
  <datafield tag="245" ind1="1" ind2="0">
    <subfield code="a">Rese&#xF1;a de la econom&#xED;a de los Estados Unidos /</subfield>
    <subfield code="c">texto escrito por Robert L. MacCan.</subfield>
  </datafield>
  <datafield tag="260" ind1=" " ind2=" ">
    <subfield code="a">[M&#xE9;xico] : </subfield>
    <subfield code="b">Servicio Informativo y Cultural de los Estados Unidos de Am&#xE9;rica, 198?</subfield>
    <subfield code="c"> [1981?]</subfield>
  </datafield>
  <datafield tag="300" ind1=" " ind2=" ">
    <subfield code="a">143 p. :</subfield>
    <subfield code="b">il. ;</subfield>
    <subfield code="c">21 cm. </subfield>
  </datafield>
  <datafield tag="505" ind1="0" ind2=" ">
    <subfield code="t">1. Perspectiva hist&#xF3;rica de la econom&#xED;a Estadounidense.--</subfield>
    <subfield code="t">2. Como funciona la econom&#xED;a de los Estados Unidos: un repaso.--</subfield>
    <subfield code="t">3. El peque&#xF1;o negocio en el sistema de libre empresa de la EUA.--</subfield>
    <subfield code="t">4. La formaci&#xF3;n de compa&#xF1;&#xED;as gigantes.--</subfield>
    <subfield code="t">5. Valores, mercanc&#xED;as y mercados.--</subfield>
    <subfield code="t">6. Servicio o protecci&#xF3;n al consumidor.--</subfield>
    <subfield code="t">7. El expansivo papel del gobierno.--</subfield>
    <subfield code="t">8. Dinero, banca y pol&#xED;tica fiscal.--</subfield>
    <subfield code="t">9. La importancia cambiante de la agricultura --</subfield>
    <subfield code="t">10. Aportaci&#xF3;n de la fuerza laboral --</subfield>
    <subfield code="t">11. Comercio exterior y pol&#xED;tica econ&#xF3;mica --</subfield>
    <subfield code="t">12. Comentario final.</subfield>
  </datafield>
  <datafield tag="942" ind1=" " ind2=" ">
    <subfield code="2">ddc</subfield>
    <subfield code="c">BK</subfield>
  </datafield>
  <datafield tag="945" ind1=" " ind2=" ">
    <subfield code="a">Inventariado 2017 /LP</subfield>
  </datafield>
  <datafield tag="952" ind1=" " ind2=" ">
    <subfield code="0">0</subfield>
    <subfield code="1">0</subfield>
    <subfield code="2">ddc</subfield>
    <subfield code="4">0</subfield>
    <subfield code="7">0</subfield>
    <subfield code="8">CG</subfield>
    <subfield code="a">BPMET</subfield>
    <subfield code="b">BPMET</subfield>
    <subfield code="d">2017-11-24</subfield>
    <subfield code="e">FUNDI </subfield>
    <subfield code="l">0</subfield>
    <subfield code="p">BPMSU17110433</subfield>
    <subfield code="r">2017-11-24</subfield>
    <subfield code="w">2017-11-24</subfield>
    <subfield code="y">BK</subfield>
  </datafield>
  <datafield tag="956" ind1=" " ind2=" ">
    <subfield code="a">LOPEREZ</subfield>
    <subfield code="b">10</subfield>
    <subfield code="c">20171124</subfield>
    <subfield code="h">0041</subfield>
  </datafield>
  <datafield tag="999" ind1=" " ind2=" ">
    <subfield code="c">13102</subfield>
    <subfield code="d">13102</subfield>
  </datafield>
</record>
